Os 20 primeiros países do ranking do IDH - Statistics

Estatísticas Gerais
  • Esse quiz foi jogado 127 vezes
  • A pontuação média é 6 de 14
Estatísticas das Respostas
Posição País IDH % Correto
16 Canadá 0,939
81%
4 Dinamarca 0,962
79%
12 Finlândia 0,948
76%
1 Islândia 0,972
76%
7 Austrália 0,958
65%
10 Bélgica 0,951
58%
11 Irlanda 0,949
57%
20 Coréia do Sul 0,937
51%
15 Emirados Árabes Unidos 0,940
32%
5 Alemanha Suécia 0,959
0%
17 Liechtenstein Nova Zelândia Estados unidos 0,938
0%
2 Noruega Suíça 0,970
0%
8 Países Baixos Hong Kong 0,955
0%
13 Singapura Reino Unido 0,946
0%
Nenhum quiz correspondente encontrado
Distribuição das Pontuações
Porcentagem de Pessoas com Cada Pontuação
Percentil de Números Respondidos
Sua Pontuação Histórica
Você não jogou esse quiz